The sign of the twisted candles (Record no. 8831)
[ view plain ]
| 000 -LEADER | |
|---|---|
| fixed length control field | 00803nam a22002057a 4500 |
| 003 - CONTROL NUMBER IDENTIFIER | |
| control field | OSt |
| 005 - DATE AND TIME OF LATEST TRANSACTION | |
| control field | 20260310031159.0 |
| 008 - FIXED-LENGTH DATA ELEMENTS--GENERAL INFORMATION | |
| fixed length control field | 260310b |||||||| |||| 00| 0 eng d |
| 020 ## - INTERNATIONAL STANDARD BOOK NUMBER | |
| International Standard Book Number | 978-0-448-09509-7 |
| 040 ## - CATALOGING SOURCE | |
| Original cataloging agency | DWCL GS lib |
| Transcribing agency | OC |
| 082 ## - DEWEY DECIMAL CLASSIFICATION NUMBER | |
| Edition number | K26s 1996 |
| 100 ## - MAIN ENTRY--PERSONAL NAME | |
| Personal name | CAROLYN KEENE |
| 245 ## - TITLE STATEMENT | |
| Title | The sign of the twisted candles |
| Statement of responsibility, etc. | CAROLYN KEENE |
| 300 ## - PHYSICAL DESCRIPTION | |
| Extent | vii, 176 pages: |
| Other physical details | illustrations |
| Dimensions | 19 cm. |
| 520 ## - SUMMARY, ETC. | |
| Summary, etc. | The Sign of the Twisted Candles is a mystery novel from the Nancy Drew Mystery Stories, written under the pseudonym Carolyn Keene. It follows Nancy Drew as she solves a puzzling case involving a hidden inheritance. |
| 546 ## - LANGUAGE NOTE | |
| Language note | English |
| 650 ## - SUBJECT ADDED ENTRY--TOPICAL TERM | |
| Source of heading or term | Courage and Determination, Responsibility and Duty |
| 650 ## - SUBJECT ADDED ENTRY--TOPICAL TERM | |
| Source of heading or term | Helping Others and Compassion |
| 942 ## - ADDED ENTRY ELEMENTS (KOHA) | |
| Source of classification or shelving scheme | Dewey Decimal Classification |
| Koha item type | Fiction |
| Classification part | Fic. |
| Suppress in OPAC | No |
No items available.